[Event "Roseto op 6th"]
[Site "Roseto"]
[Date "2014.06.01"]
[Round "5"]
[White "Baltzopoulos, Giorgos"]
[Black "Marozzi, Giovanni"]
[Result "1-0"]
[WhiteElo "2003"]
[BlackElo "1913"]
[PlyCount "65"]
[EventDate "2014.05.30"]
[EventType "swiss"]
[EventRounds "6"]
[EventCountry "ITA"]
[SourceTitle "EXT 2016"]
[Source "ChessBase"]
[SourceDate "2015.10.08"]
[SourceVersion "1"]
[SourceVersionDate "2015.10.08"]
[SourceQuality "1"]

1. d4 d5 2. c4 e6 3. Nc3 Nf6 4. cxd5 exd5 5. Bg5 Be7 6. Qc2 h6 7. Bh4 0-0 8. e3 Re8 9. Bd3 c6 10. Nge2 Nbd7 11. h3 Ne4 12. Bxe7 Qxe7 13. Bxe4 dxe4 14. g4 Nf6 15. Ng3 g6 16. 0-0-0 Be6 17. Ngxe4 Bd5 18. Nxf6+ Qxf6 19. Nxd5 cxd5 20. Kb1 Rac8 21. Qd2 Qf3 22. Rc1 Rxc1+ 23. Rxc1 Qxh3 24. Qe2 Qg2 25. a3 a6 26. Rc7 Re4 27. Rxb7 Rxg4 28. Qxa6 Qe4+ 29. Ka2 Rg1 30. Qf6 Qb1+ 31. Kb3 Qd3+ 32. Ka4 Qc4+ 33. Ka5 1-0

[Event "Senigallia op-A"]
[Site "Senigallia"]
[Date "2010.07.29"]
[Round "5"]
[White "Lotti, Fabio"]
[Black "Marozzi, Giovanni"]
[Result "1-0"]
[WhiteElo "2033"]
[BlackElo "1928"]
[PlyCount "79"]
[EventDate "2010.07.25"]
[EventType "swiss"]
[EventRounds "7"]
[EventCountry "ITA"]
[SourceTitle "CBM 137 Extra"]
[Source "ChessBase"]
[SourceDate "2010.09.01"]
[SourceVersion "1"]
[SourceVersionDate "2010.09.01"]
[SourceQuality "1"]

1. d4 d5 2. Nc3 Bf5 3. f3 Nf6 4. g4 Bg6 5. Nh3 e6 6. Bf4 Bd6 7. Qd2 h6 8. Nb5 Bxf4 9. Nxf4 Bh7 10. h4 c6 11. Nc3 Nfd7 12. Nh5 g6 13. Ng7+ Kf8 14. Qxh6 Kg8 15. Nxe6 fxe6 16. 0-0-0 Qf6 17. Qd2 Na6 18. g5 Qf7 19. Bh3 Nc7 20. Rdf1 Ne8 21. e4 Nd6 22. b3 Kg7 23. Qe3 Rae8 24. f4 Rhf8 25. Bg4 Rh8 26. e5 Nf5 27. Bxf5 exf5 28. Ne2 Nf8 29. Ng3 Ne6 30. h5 gxh5 31. Nxh5+ Kf8 32. Nf6 Rd8 33. Rh6 Ke7 34. Rfh1 Nf8 35. Qh3 Rb8 36. Nxh7 Nxh7 37. Rxh7 Rxh7 38. Qxh7 Qxh7 39. Rxh7+ Ke6 40. Rh6+ 1-0

[Event "Porto Sant Elpidio op-A 11th"]
[Site "Porto Sant Elpidio"]
[Date "2008.11.23"]
[Round "3"]
[White "Marozzi, Giovanni"]
[Black "Padovani, Alessio"]
[Result "0-1"]
[WhiteElo "2015"]
[BlackElo "1957"]
[PlyCount "130"]
[EventDate "2008.11.22"]
[EventType "swiss"]
[EventRounds "6"]
[EventCountry "ITA"]
[SourceTitle "EXT 2011"]
[Source "ChessBase"]
[SourceDate "2010.11.26"]
[SourceVersion "1"]
[SourceVersionDate "2010.11.26"]
[SourceQuality "1"]

1. e4 d5 2. exd5 Qxd5 3. d4 e5 4. dxe5 Qxe5+ 5. Qe2 Nc6 6. Bf4 Qxe2+ 7. Nxe2 Bf5 8. c3 0-0-0 9. Nd2 Nf6 10. 0-0-0 Bc5 11. f3 Rhe8 12. Ng3 Bg6 13. Bc4 Ne5 14. Nb3 Bd6 15. Bxe5 Bxe5 16. Rxd8+ Rxd8 17. Ne2 Nd5 18. Bxd5 Rxd5 19. h3 Bd6 20. Rd1 Rxd1+ 21. Kxd1 f6 22. Nbd4 Bf7 23. a3 a6 24. Nf5 Bf8 25. Kd2 g6 26. Ne3 Kd7 27. Kd3 b6 28. Nf4 Kd6 29. c4 c6 30. Ne2 f5 31. f4 Be7 32. g3 Bf6 33. b3 Be6 34. h4 h6 35. Nd4 Bd7 36. Ndc2 a5 37. a4 Be8 38. Nd1 Bd7 39. Nf2 Be6 40. Ke3 b5 41. axb5 cxb5 42. Na3 bxc4 43. bxc4 Bd7 44. Nd3 Be6 45. Kd2 Bd7 46. Ke3 Bc6 47. Nf2 a4 48. Nd3 Bd7 49. Nf2 Bb2 50. Nc2 Be6 51. Nd3 a3 52. Nxb2 axb2 53. Na3 Kc5 54. Kd3 Bxc4+ 55. Kc3 Bg8 56. Nb1 Kd5 57. Kd3 Kc5 58. Kc2 Ba2 59. Kxb2 Bxb1 60. Kxb1 Kd4 61. Kc2 Ke3 62. g4 fxg4 63. h5 g3 64. hxg6 g2 65. f5 g1Q 0-1

[Event "Porto San Giorgio op 20th"]
[Site "Porto San Giorgio"]
[Date "2008.08.27"]
[Round "7"]
[White "Marozzi, Giovanni"]
[Black "Caprio, Guido"]
[Result "0-1"]
[WhiteElo "2041"]
[BlackElo "2188"]
[PlyCount "120"]
[EventDate "2008.08.21"]
[EventType "swiss"]
[EventRounds "9"]
[EventCountry "ITA"]
[SourceTitle "CBM 126 Extra"]
[Source "ChessBase"]
[SourceDate "2008.11.05"]
[SourceVersion "1"]
[SourceVersionDate "2008.11.05"]
[SourceQuality "1"]

1. e4 c5 2. Nf3 d6 3. d4 cxd4 4. Nxd4 Nf6 5. Nc3 a6 6. Bc4 e6 7. Be3 b5 8. Bd3 Bb7 9. f3 Nbd7 10. Nb3 Be7 11. Qd2 Qc7 12. 0-0-0 b4 13. Ne2 d5 14. exd5 Nxd5 15. Be4 0-0 16. h4 a5 17. Nf4 a4 18. Nd4 Nxe3 19. Qxe3 Bxe4 20. Qxe4 Nf6 21. Nfxe6 fxe6 22. Qxe6+ Kh8 23. Kb1 a3 24. Qb3 Rfc8 25. Rhe1 axb2 26. Ne6 Qa7 27. Qxb2 Rc3 28. Ng5 Bc5 29. Rd3 Rxd3 30. cxd3 Nd5 31. Ne4 Nc3+ 32. Nxc3 bxc3 33. Qc2 Ba3 34. Qxc3 Bb4 35. Qxb4 Qxa2+ 36. Kc1 Rc8+ 37. Qc4 Rxc4+ 38. dxc4 Qxc4+ 39. Kd2 Qd4+ 40. Ke2 Qxh4 41. Kf1 h5 42. Re4 Qf6 43. Kf2 Kh7 44. Kg3 Kh6 45. Kf2 Kg6 46. Kg3 Qd6+ 47. Kf2 Kf5 48. g4+ hxg4 49. Rxg4 Qh2+ 50. Ke3 g6 51. Re4 Qg3 52. Ke2 g5 53. Ke3 Qe1+ 54. Kd3 Qf2 55. Re3 Kf4 56. Re8 Qxf3+ 57. Kd2 Qd5+ 58. Ke1 Qa5+ 59. Kf2 Qb6+ 60. Ke1 Qe3+ 0-1

[Event "Porto San Giorgio op 20th"]
[Site "Porto San Giorgio"]
[Date "2008.08.21"]
[Round "1"]
[White "Marozzi, Giovanni"]
[Black "Cioara, Andrei Nestor"]
[Result "0-1"]
[WhiteElo "2041"]
[BlackElo "2471"]
[PlyCount "46"]
[EventDate "2008.08.21"]
[EventType "swiss"]
[EventRounds "9"]
[EventCountry "ITA"]
[SourceTitle "CBM 126 Extra"]
[Source "ChessBase"]
[SourceDate "2008.11.05"]
[SourceVersion "1"]
[SourceVersionDate "2008.11.05"]
[SourceQuality "1"]

1. e4 c6 2. c4 d5 3. cxd5 cxd5 4. exd5 Nf6 5. d4 g6 6. Nf3 Bg7 7. Nc3 0-0 8. Bc4 Nbd7 9. 0-0 Nb6 10. Bb3 Nfxd5 11. Ne5 Be6 12. Bd2 Rc8 13. Rc1 Nxc3 14. bxc3 Nc4 15. Nxc4 Bxc4 16. Re1 e6 17. Bxc4 Rxc4 18. Qb3 Qd5 19. Rb1 b6 20. Qb5 Qxb5 21. Rxb5 Ra4 22. Ra1 Rd8 23. f4 Rdxd4 0-1

[Event "AP Province-ch"]
[Site "Fermo"]
[Date "2008.01.20"]
[Round "5"]
[White "Marozzi, Giovanni"]
[Black "Balzano, Filli"]
[Result "1-0"]
[WhiteElo "2037"]
[BlackElo "1509"]
[PlyCount "35"]
[EventDate "2008.01.12"]
[EventType "swiss"]
[EventRounds "6"]
[EventCountry "ITA"]
[SourceTitle "EXT 2009"]
[Source "ChessBase"]
[SourceDate "2008.11.26"]
[SourceVersion "1"]
[SourceVersionDate "2008.11.26"]
[SourceQuality "1"]

1. e4 c6 2. c4 d5 3. cxd5 cxd5 4. exd5 Qxd5 5. Nc3 Qa5 6. d4 e6 7. Nf3 Nf6 8. Bd3 Nc6 9. 0-0 a6 10. Qe2 Bd6 11. h3 0-0 12. Rd1 Re8 13. Be3 Bf8 14. a3 Qd8 15. Bc4 Nd5 16. Bg5 Qd6 17. Bxd5 exd5 18. Qxe8 1-0

[Event "AP Province-ch"]
[Site "Fermo"]
[Date "2008.01.13"]
[Round "3"]
[White "Marozzi, Giovanni"]
[Black "Bruno, Fabio"]
[Result "0-1"]
[WhiteElo "2037"]
[BlackElo "2457"]
[PlyCount "52"]
[EventDate "2008.01.12"]
[EventType "swiss"]
[EventRounds "6"]
[EventCountry "ITA"]
[SourceTitle "EXT 2009"]
[Source "ChessBase"]
[SourceDate "2008.11.26"]
[SourceVersion "1"]
[SourceVersionDate "2008.11.26"]
[SourceQuality "1"]

1. e4 c5 2. Nf3 e6 3. c4 Nc6 4. Nc3 a6 5. d4 cxd4 6. Nxd4 Qc7 7. Be3 Nf6 8. f3 d6 9. g4 h6 10. Rc1 Ne5 11. Qd2 b6 12. Be2 Bb7 13. 0-0 g5 14. Rfd1 Nfd7 15. b3 Be7 16. Kg2 Ng6 17. b4 Rc8 18. Nb3 h5 19. Bxg5 hxg4 20. fxg4 d5 21. h3 Bxg5 22. Qxg5 Nf4+ 23. Kf1 Nxh3 24. Qe3 Qh2 25. Ke1 Nf4 26. Kd2 Ne5 0-1

[Event "Porto San Giorgio op"]
[Site "Porto San Giorgio"]
[Date "2007.08.21"]
[Round "1"]
[White "Marozzi, Giovanni"]
[Black "Zaja, Ivan"]
[Result "0-1"]
[WhiteElo "2055"]
[BlackElo "2464"]
[PlyCount "78"]
[EventDate "2007.08.21"]
[EventType "swiss"]
[EventRounds "9"]
[EventCountry "ITA"]
[SourceTitle "CBM 120 Extra"]
[Source "ChessBase"]
[SourceDate "2007.11.01"]
[SourceVersion "1"]
[SourceVersionDate "2007.11.01"]
[SourceQuality "1"]

1. e4 e6 2. d4 d5 3. exd5 exd5 4. Bd3 Nc6 5. c3 Bd6 6. Nf3 Bg4 7. 0-0 Nge7 8. Bg5 f6 9. Bh4 Qd7 10. Bg3 h5 11. Bxd6 Qxd6 12. h3 0-0-0 13. Nbd2 Kb8 14. Qc2 g5 15. Nh2 Bc8 16. Rfe1 g4 17. h4 f5 18. g3 f4 19. Ndf1 Rdf8 20. Re2 Nf5 21. Bxf5 Bxf5 22. Qd2 Be4 23. Rae1 Ne7 24. c4 Nf5 25. c5 Qf6 26. Qxf4 Nxd4 27. Rd2 Qxf4 28. gxf4 Ne6 29. Ng3 Nxc5 30. Nxe4 dxe4 31. b4 Nd3 32. Rxe4 Nxf4 33. Nf1 Ng6 34. Rd7 Nxh4 35. Ree7 Nf5 36. Rh7 Rxh7 37. Rxh7 h4 38. Rh5 Nd4 39. Nh2 Ne2+ 0-1

[Event "Porto San Giorgio op 18th"]
[Site "Porto San Giorgio"]
[Date "2006.08.27"]
[Round "7"]
[White "Bontempi, Piero"]
[Black "Marozzi, Giovanni"]
[Result "1-0"]
[WhiteElo "2318"]
[BlackElo "2209"]
[PlyCount "55"]
[EventDate "2006.08.21"]
[EventType "swiss"]
[EventRounds "9"]
[EventCountry "ITA"]
[SourceTitle "CBM 113 Extra"]
[Source "ChessBase"]
[SourceDate "2006.09.14"]
[SourceVersion "1"]
[SourceVersionDate "2006.09.14"]
[SourceQuality "1"]

1. e4 e5 2. Nf3 Nf6 3. Nxe5 d6 4. Nf3 Nxe4 5. Bd3 Nf6 6. h3 Qe7+ 7. Be2 Bf5 8. 0-0 Qd7 9. Nd4 Bg6 10. Bf3 c6 11. Re1+ Be7 12. Nc3 0-0 13. Nb3 d5 14. d4 h6 15. Bf4 Bb4 16. Nc5 Qf5 17. Nd3 Bxc3 18. bxc3 Ne4 19. c4 Na6 20. Qc1 Nc3 21. Qb2 dxc4 22. Bd6 Rfd8 23. Be7 Rdb8 24. Ne5 Nd5 25. Bd6 Nac7 26. Bxd5 Nxd5 27. Bxb8 Rxb8 28. Nxc6 1-0

[Event "Porto Sant Elpidio op 8th"]
[Site "Porto Sant Elpidio"]
[Date "2005.11.20"]
[Round "3"]
[White "Marozzi, Giovanni"]
[Black "Rinaudo, Sergio"]
[Result "0-1"]
[WhiteElo "2121"]
[BlackElo "2093"]
[PlyCount "56"]
[EventDate "2005.11.19"]
[EventType "swiss"]
[EventRounds "5"]
[EventCountry "ITA"]
[SourceTitle "EXT 2007"]
[Source "ChessBase"]
[SourceDate "2006.11.23"]
[SourceVersion "1"]
[SourceVersionDate "2006.11.23"]
[SourceQuality "1"]

1. d4 d5 2. Bf4 Nf6 3. e3 c5 4. dxc5 Nc6 5. c3 a5 6. Nf3 e6 7. Bb5 Bxc5 8. Ne5 Qb6 9. Qb3 Bd7 10. Nxd7 Nxd7 11. Bxc6 Qxc6 12. Nd2 b5 13. 0-0 0-0 14. Nf3 h6 15. Rac1 Qb6 16. Ne5 Nxe5 17. Bxe5 Bxe3 18. Bxg7 Bxf2+ 19. Rxf2 Kxg7 20. a4 Rab8 21. Rcf1 f5 22. Kh1 Qc6 23. axb5 Rxb5 24. Qd1 Rf6 25. h4 Rg6 26. Qd4+ Kh7 27. h5 Rg5 28. Qd1 Qe8 0-1

[Event "Marken Province-ch"]
[Site "Morrovalle"]
[Date "2004.05.15"]
[Round "1"]
[White "Marozzi, Giovanni"]
[Black "Olivieri, Gianni"]
[Result "1-0"]
[WhiteElo "1898"]
[BlackElo "1664"]
[PlyCount "73"]
[EventDate "2004.05.15"]
[EventType "swiss"]
[EventRounds "6"]
[EventCountry "ITA"]
[SourceTitle "EXT 2024"]
[Source "ChessBase"]
[SourceDate "2023.10.10"]
[SourceVersion "1"]
[SourceVersionDate "2023.10.10"]
[SourceQuality "1"]

1. e4 d6 2. c4 Nf6 3. Nc3 g6 4. d4 Bg7 5. Be3 0-0 6. Qd2 e5 7. d5 Ng4 8. Bg5 f6 9. Bh4 Qe8 10. h3 Nh6 11. g4 Kh8 12. Be2 Bd7 13. g5 Ng8 14. gxf6 Nxf6 15. Bg5 a5 16. 0-0-0 Na6 17. Bxf6 Rxf6 18. Bg4 Qf8 19. Qe1 Qf7 20. f3 Nc5 21. Bxd7 Qxd7 22. h4 Rb8 23. b3 Ra8 24. Kc2 c6 25. Qe3 b5 26. dxc6 Qxc6 27. cxb5 Qb7 28. a4 Rd8 29. Nh3 Qc8 30. Kb2 Rdf8 31. Rdf1 Qe6 32. Nd5 Bh6 33. Qxh6 Rxf3 34. Rxf3 Rxf3 35. Ng5 Rxb3+ 36. Kc2 Qg8 37. Rf1 1-0